Budovanie priemyselných parkov v Slovenskej republike, ich právne zabezpečenie a koncepcia umiestnenia
Právne zabezpečenie výstavby priemyselných parkov a poskytovanie podpory na ich zriaďovanie. Súčasný stav budovania priemyselných parkov v Slovenskej republike. Posudzovanie priemyselných parkov z hľadiska vplyvu na životné prostredie. Stručná charakteristika vybraných lokalít priemyselných parkov v...
Salvato in:
| Autore principale: | |
|---|---|
| Natura: | Capitolo di libro |
| Lingua: | slovacco |
| Soggetti: | |
| Tags: |
Nessun Tag, puoi essere il primo ad aggiungerne!!
|
MARC
| LEADER | 00000naa a2200000 4500 | ||
|---|---|---|---|
| 001 | r046316 | ||
| 005 | 20230928074359.0 | ||
| 041 | 0 | |a slo | |
| 044 | |a SK | ||
| 245 | 1 | 0 | |a Budovanie priemyselných parkov v Slovenskej republike, ich právne zabezpečenie a koncepcia umiestnenia |c Mária Kozová |
| 520 | |a Právne zabezpečenie výstavby priemyselných parkov a poskytovanie podpory na ich zriaďovanie. Súčasný stav budovania priemyselných parkov v Slovenskej republike. Posudzovanie priemyselných parkov z hľadiska vplyvu na životné prostredie. Stručná charakteristika vybraných lokalít priemyselných parkov v SR. | ||
| 610 | 2 | 0 | |a parky priemyselné |
| 610 | 2 | 0 | |a úpravy právne |
| 610 | 2 | 0 | |a prostredie životné |
| 610 | 2 | 0 | |a Slovensko |
| 100 | 1 | |a Kozová, Mária | |